000 00682nam a2200253Ia 4500
005 20260306145435.0
008 008 260114s9999 xx 000 0 eng d
020 _a9781805398547
037 _aEbook
040 _aCRL
040 _beng
040 _cCRL
041 _2eng
041 _aeng
084 _qCRL
100 _aJean-Pierre Olivier de Sardan
_91123720
245 0 _aTraveling models and practical norms : the misadventures of social engineering in Africa and beyond
260 _bBerghahn Books
260 _c2025
650 _aSocial Sciences
856 _uhttps://www.degruyter.com/isbn/9781805398547
942 _cEBOOK
999 _c1688554
_d1688554